Toward a Pragmatist Sociology : John Dewey and the Legacy of C. Wright Mills (Record no. 91052)
[ view plain ]
| 000 -LEADER | |
|---|---|
| fixed length control field | 01867nam a2200205Ia 4500 |
| 000 - LEADER | |
| fixed length control field | 02400naaa 00325uu |
| 001 - CONTROL NUMBER | |
| control field | https://directory.doabooks.org/handle/20.500.12854/33667 |
| 005 - DATE AND TIME OF LATEST TRANSACTION | |
| control field | 20260218110049.0 |
| 008 - FIXED-LENGTH DATA ELEMENTS--GENERAL INFORMATION | |
| fixed length control field | 211013s9999 xx 000 0 und d |
| 042 ## - AUTHENTICATION CODE | |
| Authentication code | dc |
| 100 1# - MAIN ENTRY--PERSONAL NAME | |
| Personal name | Dunn, Robert G. |
| 245 #0 - TITLE STATEMENT | |
| Title | Toward a Pragmatist Sociology : John Dewey and the Legacy of C. Wright Mills |
| 260 ## - PUBLICATION, DISTRIBUTION, ETC. | |
| Name of publisher, distributor, etc. | Temple University Press |
| Date of publication, distribution, etc. | 2018 |
| 520 ## - SUMMARY, ETC. | |
| Summary, etc. | In Toward a Pragmatist Sociology, Robert Dunn explores the relationship between the ideas and principles of philosopher and educator John Dewey and sociologist C. Wright Mills to provide a philosophical and theoretical foundation for the development of a critical and public sociology. Dunn recovers an intellectual and conceptual framework for transforming sociology into a more substantive, comprehensive, and socially useful discipline.Arguing that Dewey and Mills shared a common vision of a relevant, critical, public sociology dedicated to the solution of societal problems, Toward a Pragmatist Sociology investigates the past and present state of the discipline, critiquing its dominant tendencies, and offering historical examples of alternatives to conventional sociological approaches. This original treatment of two influential American thinkers whose work offers a conception of and model for a sociology with public relevance and a sense of moral and political purpose should inspire future sociologists and others to regard the discipline as not only a science but also an intellectual, moral, and political enterprise. |
| 540 ## - TERMS GOVERNING USE AND REPRODUCTION NOTE | |
| Terms governing use and reproduction | Creative Commons |
| 653 ## - INDEX TERM--UNCONTROLLED | |
| Uncontrolled term | Philosophy |
| 856 ## - ELECTRONIC LOCATION AND ACCESS | |
| Uniform Resource Identifier | <a href="https://docs.google.com/spreadsheets/d/1yKIrdCPDAG_9c22mwoOIO2DOhtj65Wqa/edit?usp=sharing&ouid=106555315294820607512&rtpof=true&sd=true ">https://docs.google.com/spreadsheets/d/1yKIrdCPDAG_9c22mwoOIO2DOhtj65Wqa/edit?usp=sharing&ouid=106555315294820607512&rtpof=true&sd=true </a> |
| Link text | List of Curated E-Books |
| 942 ## - ADDED ENTRY ELEMENTS (KOHA) | |
| Koha item type | E-Book |
No items available.